000 00409cam a2200169ua 4500
020 _c0.80
041 _aeng
_h
082 _a894.812308
_bTOL/ZH
100 _aTolstoy, Leo .
245 _aZhilin /
_cLeo Tolstoy.
_hTextual Documents
260 _aThuravoor :
_bSree Narasimha Vilasam Book Depot ,
_c1961.
300 _a68 ; .
365 _a0.80
504 _a
942 _cBK
999 _c5145
_d5145